Welcome to the Holygrace Academy Library

Please use search bar below to get started

LET'S DO YOGA (Record no. 5474)

MARC details
000 -LEADER
fixed length control field 00312nam a22001337a 4500
020 ## - INTERNATIONAL STANDARD BOOK NUMBER
ISBN 978-93-5103-044-7
082 ## - DEWEY DECIMAL CLASSIFICATION NUMBER
Classification number 613.7046
Item number KRI/Y
100 ## - MAIN ENTRY--AUTHOR NAME
Personal name KRIPALANI, COONOOR
245 ## - TITLE STATEMENT
Title LET'S DO YOGA
260 ## - PUBLICATION, DISTRIBUTION, ETC. (IMPRINT)
Place of publication GURGAON
Name of publisher SCHOLASTIC INDIA
Year of publication 2013
300 ## - PHYSICAL DESCRIPTION
Number of Pages 44
650 ## - SUBJECT ADDED ENTRY--TOPICAL TERM
Topical Term HEALTH AND FITNESS
Geographic subdivision INDIA
942 ## - ADDED ENTRY ELEMENTS (KOHA)
Koha item type Books
Holdings
Withdrawn status Lost status Collection code Home library Current library Shelving location Date acquired Source of acquisition Cost, normal purchase price Full call number Accession Number Koha item type
    Reference Main Library Main Library   11/12/2019 purchase 175.00 613.7046 KRI/Y 12227 Books